| 000 | 00561nam a2200205Ia 4500 | ||
|---|---|---|---|
| 003 | GCL | ||
| 008 | 140319s9999 xx 000 0 ara d | ||
| 040 |
_aGCL / _cGCL |
||
| 082 | 0 | 4 |
_a792.023 _bب ت |
| 100 | 1 | _aدرينى خشبة | |
| 245 | 1 | 0 |
_aتشريح المسرحية / _cدرينى خشبة |
| 700 | 1 | _aبولوتون، مارجورى | |
| 700 | 1 | _aمصطفى بدوى | |
| 300 | _a350 ص | ||
| 490 |
_aالالف كتاب _v0 |
||
| 650 | 0 | 4 | _aالمسرحية |
| 650 | 0 | 4 | _aالحوار |
| 650 | 0 | 4 | _aالمسرحية - نقد |
| 942 |
_2ddc _cBK |
||
| 999 |
_c38748 _d38748 |
||